| 000 | 00481nam a2200169Ia 4500 | ||
|---|---|---|---|
| 008 | 090201s9999 xx 000 0 und d | ||
| 010 | _aKPL-13434 | ||
| 040 | _bइंग्रजी | ||
| 041 | _aइंग्रजी | ||
| 082 |
_a19320 _b13434 |
||
| 100 | _arichard bendik | ||
| 245 |
_anation building & citizenship _crichard bendik |
||
| 260 |
_c2004 _bwiley eastern limited |
||
| 300 |
_a314 _bमोठा |
||
| 600 | _anation building & citizenship | ||
| 942 | _cBOOK | ||
| 999 |
_c219143 _d219143 |
||